000 00448nam a2200169Ia 4500
008 240729s9999 xx 000 0 und d
022 _a2639-9431
245 0 _aPrecision Nanomedicine
260 _aUnited States
260 _bAndover House Inc.
650 _a Medical technology
650 _a Medicine (General)
650 _aMedicine
856 _uhttps://doaj.org/toc/34632d5431f244aaa63a6e5011618ba0
942 _2ddc
942 _cDOAJEJ
999 _c69185
_d69185
945 _a1
_bMadushi Gamage
_c1
_dMadushi Gamage